Southville International School and Colleges
Your cart is empty.
  • Cart
  • Lists
    Public lists Eva Luna New books Lux_list list_1
    Your lists Log in to create your own lists
  • Log in to your account
  • Your cookies
  • Search history
Southville International School and Colleges
  • Advanced search
  • Recent comments
  • Most popular
  • Libraries

Log in to your account

Log in with GOOGLE


If you do not have an external account, but do have a local account, you can still log in:

  1. Home
  2. MARC view: Cross our hearts /
Normal view MARC view ISBD view

Cross our hearts / (Record no. 10860)

[ view plain ]
MARC details
000 -LEADER
fixed length control field 01212cam a22003613a 4500
001 - CONTROL NUMBER
control field 13692566
003 - CONTROL NUMBER IDENTIFIER
control field OSt
005 - DATE AND TIME OF LATEST TRANSACTION
control field 20140310182229.0
008 - FIXED-LENGTH DATA ELEMENTS--GENERAL INFORMATION
fixed length control field 030327s2003 nyu 000 f eng d
010 ## - LIBRARY OF CONGRESS CONTROL NUMBER
LC control number 2004596558
020 ## - INTERNATIONAL STANDARD BOOK NUMBER
International Standard Book Number 0060528141 (pbk.) :
Terms of availability $4.99
035 ## - SYSTEM CONTROL NUMBER
System control number (OCoLC)ocm51933879
040 ## - CATALOGING SOURCE
Original cataloging agency OCO
Transcribing agency OCO
Modifying agency DLC
042 ## - AUTHENTICATION CODE
Authentication code lccopycat
050 ## - LIBRARY OF CONGRESS CALL NUMBER
Classification number PZ 7
Item number .W691m8 2003
082 ## - DEWEY DECIMAL CLASSIFICATION NUMBER
Classification number FIC#
Item number SWE #8
100 1# - MAIN ENTRY--PERSONAL NAME
Personal name Willard, Eliza.
9 (RLIN) 17945
245 10 - TITLE STATEMENT
Title Cross our hearts /
Statement of responsibility, etc Eliza Willard.
260 ## - PUBLICATION, DISTRIBUTION, ETC. (IMPRINT)
Place of publication, distribution, etc New York :
Name of publisher, distributor, etc HarperEntertainment,
Date of publication, distribution, etc c2003.
300 ## - PHYSICAL DESCRIPTION
Extent 122 p. ;
Dimensions 20 cm.
440 #0 - SERIES STATEMENT/ADDED ENTRY--TITLE
Title Mary-Kate and Ashley sweet 16
Volume number/sequential designation #8
9 (RLIN) 17949
500 ## - GENERAL NOTE
General note "A Parachute Press book."
650 ## - SUBJECT ADDED ENTRY--TOPICAL TERM
Topical term or geographic name as entry element Teenage girls
General subdivision Juvenile fiction
9 (RLIN) 17950
651 ## - SUBJECT ADDED ENTRY--GEOGRAPHIC NAME
Geographic name Twins
General subdivision Juvenile fiction
9 (RLIN) 17951
655 #7 - INDEX TERM--GENRE/FORM
Genre/form data or focus term Young adult fiction.
Source of term lcsh
9 (RLIN) 3735
655 #7 - INDEX TERM--GENRE/FORM
Genre/form data or focus term Love stories.
Source of term gsafd
9 (RLIN) 2799
710 2# - ADDED ENTRY--CORPORATE NAME
Corporate name or jurisdiction name as entry element Copyright Paperback Collection (Library of Congress)
Institution to which field applies DLC
9 (RLIN) 705
856 42 - ELECTRONIC LOCATION AND ACCESS
Materials specified Publisher description
Uniform Resource Identifier <a href="http://www.loc.gov/catdir/enhancements/fy0645/2004596558-d.html">http://www.loc.gov/catdir/enhancements/fy0645/2004596558-d.html</a>
906 ## - LOCAL DATA ELEMENT F, LDF (RLIN)
a 7
b cbc
c copycat
d 2
e ncip
f 20
g y-genrareb
942 ## - ADDED ENTRY ELEMENTS (KOHA)
Source of classification or shelving scheme Library of Congress Classification
Koha item type
Holdings
Withdrawn status Lost status Source of classification or shelving scheme Damaged status Home library Current library Shelving location Date acquired Total Checkouts Full call number Barcode Date last seen Copy number Price effective from Koha item type
    Library of Congress Classification   Luxembourg Library Luxembourg Library Fiction Section 09/11/2013   PZ 7 .W691m8 2003 14128 02/16/2015 1 09/11/2013 Books

Cross our hearts /

APA

Willard E., Copyright Paperback Collection (Library of Congress), . (2003). Cross our hearts. New York: HarperEntertainment.

Chicago

Willard Eliza, Copyright Paperback Collection (Library of Congress), . 2003. Cross our hearts. New York: HarperEntertainment.

Harvard

Willard E., Copyright Paperback Collection (Library of Congress), . (2003). Cross our hearts. New York: HarperEntertainment.

MLA

Willard Eliza, Copyright Paperback Collection (Library of Congress), . Cross our hearts. New York: HarperEntertainment. 2003.

  • Place hold
  • Print
  • Cite
  • Add to your cart (remove)
  • Save record
    BIBTEX Dublin Core MARCXML MARC (non-Unicode/MARC-8) MARC (Unicode/UTF-8) MARC (Unicode/UTF-8, Standard) MODS (XML) RIS
  • More searches
    Search for this title in:
    Other Libraries (WorldCat) Other Databases (Google Scholar) Online Stores (Bookfinder.com) Open Library (openlibrary.org)

Exporting to Dublin Core...

SOUTHVILLE LIBRARY

Southville International School and Colleges Library

1281 Tropical Ave. Cor. Luxembourg St., BF Homes International, Las Pinas City

Tel. No. 8256374 / 252358 Loc. 117/146

Powered by Koha